| 000 | 00420cam a22001217a 4500 | ||
|---|---|---|---|
| 008 | 180718b1985 xxu||||| |||| 00| 0 eng d | ||
| 082 | _aAPPPA 84-85 UPP | ||
| 100 | _aUppal, P.N. | ||
| 245 |
_aDevelopment of telecommunications services in Rural areas: a study _cby P.N. Uppal |
||
| 260 |
_aNew Delhi _bIndian Institute of Public Administration _c1985 |
||
| 300 | _a106p. | ||
| 650 | _aTelecommunications services-Rural areas | ||
| 999 |
_c501363 _d501363 |
||